Missing Word: Rat Pack Quiz Stats

 Plays Quiz Updated Oct 28, 2014

Challenge
Share
Tweet
Embed
Score 0/21 Timer 02:00
0 Plays Today
Artist Missing Word % Correct
Frank SinatraYork
99.3%
Frank SinatraLady
92.6%
Frank SinatraSkin
85.1%
Frank SinatraTramp
83.9%
Sammy Davis, Jr. Mr.
83.4%
Frank SinatraFly
82.2%
Sammy Davis, Jr. Eye
78.6%
Dean MartinKick
77.9%
Frank SinatraYoung
69.3%
Dean MartinKing
66%
Sammy Davis, Jr. Fool
62.7%
Artist Missing Word % Correct
Dean MartinEverybody
62%
Sammy Davis, Jr. Magic
61.9%
Sammy Davis, Jr. Me
58.6%
Dean MartinAmore
52.3%
Sammy Davis, Jr. Candy
43.2%
Dean MartinMambo
38.3%
Frank SinatraThat's
32.1%
Sammy Davis, Jr. Living
21.2%
Dean MartinCorner
20.6%
Dean MartinSnow
17.8%

Today's Daily Dose

You're not logged in!

Compare scores with friends on all Sporcle quizzes.
Join for Free
OR
Log In

You Might Also Like...

Show Comments

Extras

Top Quizzes Today


Score Distribution

Your Account Isn't Verified!

In order to create a playlist on Sporcle, you need to verify the email address you used during registration. Go to your Sporcle Settings to finish the process.

Report this User

Report this user for behavior that violates our Community Guidelines.

Details: